[Event "5. Nord-West-Cup"]
[Site "?"]
[Date "2003.??.??"]
[Round "4"]
[White "Groothoff, Franz"]
[Black "Topolewski, Dirk"]
[Result "0-1"]
[WhiteElo "1967"]
[BlackElo "2278"]
[PlyCount "64"]

1. d4 e6 2. Nf3 Nf6 3. Bf4 c5 4. c3 b6 5. e3 Bb7 6. Nbd2 Be7 7. h3 O-O 8. Bd3
d5 9. O-O Nbd7 10. Re1 c4 11. Bc2 b5 12. Ne5 Rc8 13. a3 Ne4 14. Nf1 f6 15. Nxd7
Qxd7 16. f3 Nd6 17. e4 dxe4 18. fxe4 f5 19. exf5 exf5 20. Ng3 Ne4 21. Nxe4 fxe4
22. Bg3 e3 23. Rxe3 Bg5 24. Re5 Bf4 25. Bxf4 Rxf4 26. Qh5 g6 27. Qg5 Rcf8 28.
Rae1 Qf7 29. Re7 Rf1+ 30. Rxf1 Qxf1+ 31. Kh2 Bxg2 32. Qxg2 Rf2 0-1

[Event "5. Nord-West-Cup"]
[Site "?"]
[Date "2003.??.??"]
[Round "4"]
[White "Thimm, Torsten"]
[Black "Tchetchelnitski, Boris"]
[Result "1/2-1/2"]
[WhiteElo "1975"]
[BlackElo "2230"]
[PlyCount "56"]

1. e4 e6 2. d4 d5 3. Nd2 a6 4. c3 c5 5. e5 cxd4 6. cxd4 Bd7 7. f4 Nh6 8. Ndf3
Qb6 9. Bd3 Nc6 10. Ne2 Nb4 11. Bb1 Bb5 12. Nc3 Rc8 13. a3 Nc6 14. Rg1 Bc4 15.
g4 Bb3 16. Qd2 g6 17. Rg3 Ne7 18. Qf2 Nhg8 19. Kf1 h5 20. h3 hxg4 21. hxg4 Rh1+
22. Rg1 Rxg1+ 23. Kxg1 Nc6 24. Be3 Nge7 25. Bd3 Nd8 26. Kg2 Bc4 27. Bc2 Bb3 28.
Bd3 Bc4 1/2-1/2

[Event "5. Nord-West-Cup"]
[Site "?"]
[Date "2003.??.??"]
[Round "4"]
[White "Kharchenko, Denis"]
[Black "zur Brügge, Carsten"]
[Result "1/2-1/2"]
[WhiteElo "2206"]
[BlackElo "2103"]
[PlyCount "84"]

1. d4 Nf6 2. c4 e6 3. Nc3 Bb4 4. f3 d5 5. e3 O-O 6. a3 Be7 7. cxd5 exd5 8. Bd3
c5 9. Nge2 b6 10. O-O Ba6 11. Bb1 Re8 12. Re1 Bf8 13. Nf4 cxd4 14. exd4 Rxe1+
15. Qxe1 Nc6 16. Be3 g6 17. Ba2 Bc4 18. b3 Ba6 19. b4 Bc4 20. Qd2 Bxa2 21. Rxa2
Bg7 22. Rc2 Qd7 23. Nce2 Ne8 24. Qc1 Ne7 25. Nd3 Rc8 26. Rxc8 Qxc8 27. Qxc8
Nxc8 28. Nc3 Nc7 29. Nf4 Ne7 30. Kf2 a6 31. a4 b5 32. axb5 axb5 33. Ke2 Kf8 34.
Kd3 Ke8 35. Bf2 Kd7 36. Bg3 Kc6 37. Nh3 Na6 38. Na2 Nf5 39. Bf2 h6 40. g4 Ne7
41. Bg3 Bf8 42. Kc3 Kd7 1/2-1/2

[Event "5. Nord-West-Cup"]
[Site "?"]
[Date "2003.??.??"]
[Round "4"]
[White "Giese, Stefan"]
[Black "Nedkov, Petar"]
[Result "0-1"]
[WhiteElo "1829"]
[BlackElo "2149"]
[PlyCount "126"]

1. Nf3 Nf6 2. g3 d5 3. Bg2 g6 4. b3 Bg7 5. Bb2 O-O 6. O-O c5 7. d3 Nc6 8. Nbd2
Re8 9. a4 Qc7 10. e3 e5 11. e4 d4 12. Re1 Be6 13. Nf1 h6 14. Bc1 a6 15. Nh4 Qd7
16. f4 exf4 17. gxf4 Bg4 18. Nf3 Kh7 19. Ba3 b6 20. Qd2 a5 21. Qf2 Nh5 22. Bc1
Nb4 23. Ng3 Rad8 24. Nxh5 Bxh5 25. Rf1 Bg4 26. Ba3 Nc6 27. Rae1 Bf6 28. e5 Bg7
29. Nd2 Ne7 30. Nc4 Qe6 31. Nd6 Rg8 32. Qh4 Bf5 33. Bc1 Nd5 34. Be4 Nb4 35. Rf2
Bf6 36. Qg3 Be7 37. Nc4 g5 38. Bxf5+ Qxf5 39. fxg5 Qe6 40. h4 f6 41. Ref1 fxg5
42. h5 Nd5 43. Kh2 Rdf8 44. Rxf8 Rxf8 45. Rxf8 Bxf8 46. Qf3 Bg7 47. Qe4+ Kg8
48. Bd2 Qf7 49. e6 Qc7+ 50. Kg2 Nf6 51. e7 Qc8 52. Nd6 Qd7 53. e8=Q+ Nxe8 54.
Qxe8+ Qxe8 55. Nxe8 Be5 56. Kf3 Kf7 57. Ke4 Bb8 58. Kf5 Kxe8 59. Kg6 g4 60.
Kxh6 g3 61. Be1 g2 62. Bf2 Bf4+ 63. Kg7 Be3 0-1

[Event "5. Nord-West-Cup"]
[Site "?"]
[Date "2003.??.??"]
[Round "4"]
[White "Wiertzema, Michael"]
[Black "Leppert, Hans-Jürgen"]
[Result "1-0"]
[WhiteElo "2149"]
[BlackElo "1822"]
[PlyCount "81"]

1. d4 f5 2. e4 fxe4 3. Nc3 Nf6 4. Bg5 e6 5. Nxe4 Be7 6. Ng3 b6 7. Bd3 Bb7 8. f3
Na6 9. c3 c5 10. N1e2 Qc7 11. a3 c4 12. Bc2 O-O-O 13. Qd2 h6 14. Bxf6 Bxf6 15.
Be4 h5 16. Bxb7+ Qxb7 17. Ne4 Be7 18. h4 Qd5 19. O-O-O Nc7 20. Nf4 Qf5 21. d5
exd5 22. Nxd5 Nxd5 23. Qxd5 Qxd5 24. Rxd5 Rh6 25. Rhd1 Kc7 26. Ng5 Bxg5+ 27.
Rxg5 Rh7 28. Rdd5 Rdh8 29. Rd4 Rg8 30. Rxc4+ Kb7 31. Rg6 Rh6 32. Rg5 g6 33. Rf4
Re8 34. Rf7 Kc6 35. Rf6+ Re6 36. Rxe6+ dxe6 37. Kd2 Kd6 38. a4 Ke7 39. a5 Kf6
40. axb6 axb6 41. Rb5 1-0

[Event "5. Nord-West-Cup"]
[Site "?"]
[Date "2003.??.??"]
[Round "4"]
[White "Hrkac, Daniel"]
[Black "Thamm, Oliver"]
[Result "0-1"]
[WhiteElo "1859"]
[BlackElo "2123"]
[PlyCount "52"]

1. d4 d5 2. c4 c6 3. Nf3 Nf6 4. e3 e6 5. Nc3 Be7 6. Qc2 O-O 7. a3 b6 8. Bd3
dxc4 9. Bxc4 Ba6 10. Bxa6 Nxa6 11. Ne5 Qc8 12. b4 c5 13. dxc5 bxc5 14. b5 Nb8
15. Rb1 Qc7 16. Nc4 Nbd7 17. O-O Ne5 18. Nxe5 Qxe5 19. e4 Ng4 20. g3 Qh5 21. f4
Rfd8 22. Rb2 c4 23. Ra2 Bc5+ 24. Kh1 Rd3 25. Na4 Nf2+ 26. Kg1 Rxg3+ 0-1

[Event "5. Nord-West-Cup"]
[Site "?"]
[Date "2003.??.??"]
[Round "4"]
[White "Wichelmann, Martin"]
[Black "Krabbe-Rachut, Helmut"]
[Result "1-0"]
[WhiteElo "2119"]
[BlackElo "1705"]
[PlyCount "77"]

1. e4 d5 2. exd5 Qxd5 3. Nc3 Qa5 4. d4 c6 5. Nf3 Nf6 6. Bd3 Bg4 7. O-O e6 8.
Ne4 Nbd7 9. h3 Bh5 10. c4 Nxe4 11. Bxe4 Nf6 12. Bd3 Be7 13. Bd2 Bxf3 14. Bxa5
Bxd1 15. Raxd1 b6 16. Bc3 O-O 17. f4 c5 18. dxc5 Bxc5+ 19. Kh2 Be7 20. Rf2 Rad8
21. Rfd2 Nh5 22. g3 g6 23. Be4 Nf6 24. Rxd8 Rxd8 25. Rxd8+ Bxd8 26. Bc6 Kf8 27.
Kg2 Be7 28. Kf3 Ne8 29. b4 Nd6 30. c5 bxc5 31. bxc5 Nf5 32. g4 Ng7 33. Bd4 f6
34. Bd7 Bd8 35. c6 a5 36. Bc5+ Kf7 37. Bd6 Ne8 38. Bxe8+ Kxe8 39. c7 1-0

[Event "5. Nord-West-Cup"]
[Site "?"]
[Date "2003.??.??"]
[Round "4"]
[White "Boss, Igor"]
[Black "Behl, Torsten"]
[Result "1-0"]
[WhiteElo "1806"]
[BlackElo "2094"]
[PlyCount "67"]

1. d4 Nf6 2. Bg5 e6 3. e4 h6 4. Bxf6 Qxf6 5. Nc3 c5 6. d5 d6 7. Bc4 a6 8. a4
Be7 9. Nge2 e5 10. O-O g5 11. Rb1 O-O 12. Qd2 Qg6 13. Bd3 f5 14. exf5 Bxf5 15.
Bxf5 Rxf5 16. b4 Nd7 17. f3 Raf8 18. Ng3 Rf4 19. bxc5 Nxc5 20. Nce4 g4 21. Nxc5
dxc5 22. fxg4 Rxg4 23. Rxb7 Rxf1+ 24. Nxf1 Rf4 25. Rxe7 Qf6 26. Ne3 Qxe7 27. d6
Qb7 28. d7 Rd4 29. d8=Q+ Rxd8 30. Qxd8+ Kh7 31. Qd5 Qe7 32. Qe4+ Kg8 33. Qg6+
Kf8 34. Nf5 1-0

[Event "5. Nord-West-Cup"]
[Site "?"]
[Date "2003.??.??"]
[Round "4"]
[White "Rachut, Steffen"]
[Black "Hilverda, Alexander"]
[Result "0-1"]
[WhiteElo "1813"]
[BlackElo "2083"]
[PlyCount "90"]

1. e4 c5 2. Nf3 Nc6 3. d4 cxd4 4. Nxd4 e6 5. Nc3 d6 6. Be3 Nf6 7. Be2 Be7 8.
O-O O-O 9. f4 a6 10. a4 Qc7 11. Nb3 b6 12. Qe1 Bb7 13. Qf2 Nd7 14. Rfd1 Rfd8
15. Rd2 Nc5 16. Rad1 Bf6 17. Nxc5 bxc5 18. e5 dxe5 19. Bxc5 Rxd2 20. Rxd2 Nd4
21. fxe5 Nxe2+ 22. Nxe2 Bxe5 23. c3 Bxh2+ 24. Kh1 h6 25. b4 Bc6 26. a5 Bb5 27.
Nd4 Bf4 28. Nxb5 axb5 29. Rd4 Be5 30. Rd3 Qc6 31. Qe3 Bc7 32. Kg1 f5 33. Rd4 e5
34. Rd1 e4 35. Qe2 Bxa5 36. Rd6 Qc8 37. Qxb5 Bc7 38. Qc4+ Kh7 39. Rd1 e3 40.
Qe2 f4 41. Qd3+ Kh8 42. Qd5 Qe8 43. Bd4 Rd8 44. Qb7 Be5 45. Qe4 e2 0-1

[Event "5. Nord-West-Cup"]
[Site "?"]
[Date "2003.??.??"]
[Round "4"]
[White "Campe, Herbert"]
[Black "Adam, Detlef"]
[Result "0-1"]
[WhiteElo "1746"]
[BlackElo "2066"]
[PlyCount "96"]

1. e4 d5 2. exd5 Nf6 3. d4 Nxd5 4. Nf3 Bg4 5. Be2 e6 6. O-O Nc6 7. c4 Nb6 8.
Be3 Bxf3 9. gxf3 Be7 10. Nc3 Bf6 11. d5 exd5 12. cxd5 Ne5 13. f4 Ng6 14. Bb5+
Kf8 15. Re1 a6 16. Bxb6 axb5 17. Bc5+ Kg8 18. Qf3 Nh4 19. Qe4 Qd7 20. Kh1 h5
21. a4 Bxc3 22. bxc3 Rxa4 23. Rxa4 bxa4 24. Bd4 Qf5 25. Qxf5 Nxf5 26. Be5 Nd6
27. Bxd6 cxd6 28. Ra1 b5 29. c4 Kh7 30. cxb5 Rb8 31. Rxa4 Rxb5 32. Rd4 Kg6 33.
Kg2 Kf5 34. Kg3 Rb3+ 35. f3 h4+ 36. Kf2 Rb2+ 37. Kg1 h3 38. Rd3 Rg2+ 39. Kh1
Re2 40. Kg1 Kxf4 41. Rd1 Rg2+ 42. Kh1 Kxf3 43. Rd3+ Kf2 44. Rd2+ Ke3 45. Rd3+
Ke4 46. Re3+ Kf5 47. Re5+ Kg6 48. Re6+ fxe6 0-1

[Event "5. Nord-West-Cup"]
[Site "?"]
[Date "2003.??.??"]
[Round "4"]
[White "Hammer, Klaus"]
[Black "Janssen, Volker"]
[Result "1/2-1/2"]
[WhiteElo "1803"]
[BlackElo "2058"]
[PlyCount "40"]

1. d4 g6 2. e4 d6 3. Nc3 c6 4. Be3 Bg7 5. Qd2 Qa5 6. h3 Nd7 7. Nf3 b5 8. Bd3 a6
9. O-O Qc7 10. a4 Bb7 11. Ne2 Ngf6 12. Ng3 O-O 13. c3 Rfc8 14. Bf4 bxa4 15.
Rxa4 c5 16. Rfa1 Nb6 17. R4a2 c4 18. Bc2 Nbd7 19. Ra5 Qb6 20. Bb1 Rab8 1/2-1/2

[Event "5. Nord-West-Cup"]
[Site "?"]
[Date "2003.??.??"]
[Round "4"]
[White "Haase, Sven"]
[Black "Park, Heiko"]
[Result "0-1"]
[WhiteElo "1652"]
[BlackElo "2034"]
[PlyCount "54"]

1. e4 d5 2. exd5 Qxd5 3. Nf3 Nf6 4. Be2 c6 5. O-O Bf5 6. d3 e6 7. Be3 Bd6 8. h3
Nbd7 9. Nbd2 h6 10. a3 Qa5 11. b4 Qc7 12. Nd4 Bg6 13. c4 O-O 14. c5 Bf4 15. Nc4
Nd5 16. Qd2 N7f6 17. b5 Bxe3 18. fxe3 cxb5 19. Nd6 Qxc5 20. Nxb7 Qb6 21. Na5 e5
22. Nc2 Rac8 23. Rf3 e4 24. Rg3 exd3 25. Rxg6 dxc2 26. Rxf6 Nxf6 27. Rc1 Rfd8
0-1

[Event "5. Nord-West-Cup"]
[Site "?"]
[Date "2003.??.??"]
[Round "4"]
[White "Köhne, Arno"]
[Black "Frenzel, Klaus-Dieter"]
[Result "1-0"]
[WhiteElo "2030"]
[BlackElo "1301"]
[PlyCount "59"]

1. d4 Nf6 2. c4 g6 3. Nc3 Bg7 4. e4 d6 5. Nf3 O-O 6. Be2 Nbd7 7. h3 c5 8. d5
Ne5 9. Nxe5 dxe5 10. O-O a6 11. Be3 Qc7 12. a3 Ne8 13. b4 cxb4 14. axb4 b6 15.
Qb3 f5 16. c5 Kh8 17. cxb6 Qb7 18. f3 Nd6 19. Bd3 Bd7 20. Ra2 Bb5 21. Nxb5 axb5
22. Rfa1 Rxa2 23. Qxa2 Bf6 24. Bc5 fxe4 25. fxe4 Kg7 26. Qa7 Rb8 27. Bxd6 exd6
28. Qxb7+ Rxb7 29. Ra7 Rf7 30. b7 1-0

[Event "5. Nord-West-Cup"]
[Site "?"]
[Date "2003.??.??"]
[Round "4"]
[White "Janzen, Christian"]
[Black "Segelken, Peter"]
[Result "0-1"]
[WhiteElo "1616"]
[BlackElo "2009"]
[PlyCount "98"]

1. e4 d5 2. exd5 Nf6 3. d4 Nxd5 4. Nf3 Bg4 5. Be2 e6 6. h3 Bh5 7. c3 Bd6 8. Qd3
O-O 9. O-O Bg6 10. Qd1 Nd7 11. Nbd2 c6 12. Nc4 Bc7 13. Ne3 Qe7 14. Nxd5 exd5
15. g3 Rae8 16. Re1 Be4 17. Be3 f5 18. Ng5 f4 19. gxf4 Bxf4 20. Nxe4 Bxe3 21.
fxe3 Qxe4 22. Bd3 Qh4 23. Qg4 Qf2+ 24. Kh1 Qf3+ 25. Qxf3 Rxf3 26. Kg2 Rexe3 27.
Rxe3 Rxe3 28. Bf5 Nf6 29. Rf1 Re2+ 30. Rf2 Rxf2+ 31. Kxf2 a5 32. Bc8 b6 33. Ba6
Kf7 34. Bd3 Ke6 35. Kf3 g5 36. Bc2 h5 37. Bg6 c5 38. dxc5 bxc5 39. Ke3 Ke5 40.
Bc2 d4+ 41. cxd4+ cxd4+ 42. Kf3 Nd5 43. Bb3 Nf4 44. Bf7 h4 45. Kg4 d3 46. Bb3
Kf6 47. Bd1 d2 48. Bc2 Ng2 49. Kf3 Ne1+ 0-1

[Event "5. Nord-West-Cup"]
[Site "?"]
[Date "2003.??.??"]
[Round "4"]
[White "Gellrich, Peter"]
[Black "Strunski, Andreas"]
[Result "1-0"]
[WhiteElo "2230"]
[BlackElo "1642"]
[PlyCount "45"]

1. d4 Nf6 2. c4 g6 3. Nc3 Bg7 4. e4 d6 5. Be2 O-O 6. Bg5 h6 7. Be3 e5 8. d5
Nbd7 9. f3 Ne8 10. g4 f5 11. gxf5 gxf5 12. exf5 Ndf6 13. Qd2 Bxf5 14. O-O-O e4
15. Bxh6 Qe7 16. Bg5 Qe5 17. h4 Nh5 18. f4 Qd4 19. Qxd4 Bxd4 20. Rxd4 Ng3 21.
Rh2 Nf6 22. Rg2 Nxe2+ 23. Ngxe2 1-0

[Event "5. Nord-West-Cup"]
[Site "?"]
[Date "2003.??.??"]
[Round "4"]
[White "Gudat, Alfons"]
[Black "Weller, Friedhelm"]
[Result "1-0"]
[WhiteElo "2063"]
[BlackElo "1672"]
[PlyCount "111"]

1. Nf3 Nf6 2. d4 d5 3. c4 e6 4. Nc3 c6 5. e3 Nbd7 6. Be2 Bd6 7. cxd5 exd5 8.
O-O O-O 9. Qc2 Qe7 10. a3 Re8 11. b4 a6 12. Bb2 Nf8 13. Rac1 g6 14. Bd3 Bg4 15.
Nd2 Qe6 16. Rce1 Bf5 17. Bxf5 gxf5 18. Nf3 Ne4 19. Ne2 h5 20. Ne5 Bxe5 21. dxe5
Qg6 22. Nf4 Qh7 23. f3 Ng5 24. Qf2 h4 25. Kh1 Nfe6 26. Nd3 Kh8 27. Rd1 Rad8 28.
Qd2 Kg8 29. Bd4 Qh5 30. h3 Kh7 31. Qc2 Kg6 32. Bb6 Rc8 33. Bd4 Rg8 34. Nf2 Nxd4
35. exd4 Ne6 36. Ng4 Qg5 37. Nf6 Rg7 38. Nxd5 Rd8 39. f4 Qh6 40. Ne7+ Kh7 41.
Qxf5+ Kh8 42. d5 cxd5 43. Rxd5 Rxd5 44. Nxd5 Rg3 45. Rc1 Qg6 46. Qxg6 fxg6 47.
Rc8+ Kg7 48. Re8 Nd4 49. e6 Nf5 50. e7 Nxe7 51. Rxe7+ Kf8 52. Rxb7 Rxa3 53. Ne7
Kf7 54. Nf5+ Kf6 55. Nxh4 g5 56. Rb6+ 1-0

[Event "5. Nord-West-Cup"]
[Site "?"]
[Date "2003.??.??"]
[Round "4"]
[White "Wahrenberg, Ralf"]
[Black "Reininga, Jannes"]
[Result "1-0"]
[WhiteElo "2058"]
[BlackElo "1630"]
[PlyCount "45"]

1. d4 d5 2. Nf3 Nf6 3. Bf4 e6 4. e3 Be7 5. Bd3 O-O 6. Nbd2 Nbd7 7. Ne5 c5 8. c3
Re8 9. Qf3 Nf8 10. Qh3 c4 11. Bc2 Bd7 12. g4 Bc6 13. g5 N6d7 14. Rg1 Nxe5 15.
Bxe5 Ng6 16. Qh5 Bf8 17. Rg3 Re7 18. Rh3 h6 19. gxh6 gxh6 20. Bxg6 fxg6 21.
Qxg6+ Rg7 22. Qxe6+ Kh7 23. Rxh6# 1-0

[Event "5. Nord-West-Cup"]
[Site "?"]
[Date "2003.??.??"]
[Round "4"]
[White "Rychlik, Kurt"]
[Black "Brinkmann, Martin"]
[Result "1-0"]
[WhiteElo "2058"]
[BlackElo "1622"]
[PlyCount "111"]

1. c4 c5 2. Nc3 Nc6 3. g3 Nf6 4. Bg2 e6 5. e4 d6 6. Nge2 Be7 7. O-O O-O 8. d4
cxd4 9. Nxd4 a6 10. h3 Qc7 11. Be3 Bd7 12. Nc2 Na5 13. b3 Rac8 14. Rc1 b5 15.
Qe2 bxc4 16. b4 Nc6 17. Qxc4 Qb7 18. a3 Ne5 19. Qb3 Rc4 20. f4 Rfc8 21. Ne2 Ng6
22. e5 Nd5 23. exd6 Bxd6 24. Ncd4 Rxc1 25. Rxc1 Rxc1+ 26. Nxc1 Qc7 27. Bxd5
exd5 28. Qxd5 Ne7 29. Qa8+ Bc8 30. Nce2 g6 31. Kf2 Kg7 32. g4 Bb7 33. Qe8 Nd5
34. f5 Nf6 35. Qa4 Ne4+ 36. Ke1 Ng3 37. b5 Qe7 38. Bc1 Nxe2 39. Nxe2 Bf3 40.
Bb2+ f6 41. Qc4 axb5 42. Qxb5 Qe4 43. Qd7+ Be7 44. Qe6 Qxe6 45. fxe6 Bd5 46.
Nf4 Bb3 47. g5 h6 48. h4 Bd8 49. Kd2 hxg5 50. hxg5 Bc7 51. gxf6+ Kh6 52. Kc3
Ba4 53. Kb4 Bc6 54. Kc5 Ba4 55. Nd5 Bg3 56. f7 1-0

[Event "5. Nord-West-Cup"]
[Site "?"]
[Date "2003.??.??"]
[Round "4"]
[White "Merettig, Georg"]
[Black "Zotin, Vladimir"]
[Result "1-0"]
[WhiteElo "1688"]
[BlackElo "2051"]
[PlyCount "81"]

1. Nf3 g6 2. c4 Bg7 3. d4 c5 4. g3 cxd4 5. Nxd4 Qb6 6. Nb3 d6 7. Bg2 Nc6 8. Nc3
Qb4 9. Bd2 Qxc4 10. Rc1 Qe6 11. Na5 Bd7 12. Nb5 Rc8 13. Nxc6 Bxc6 14. Nxa7 Bxb2
15. Rc2 Bd4 16. Bxc6+ Rxc6 17. Nxc6 bxc6 18. O-O Qc8 19. e3 Bc5 20. Bc3 f6 21.
Qf3 e5 22. Rb1 Ke7 23. Bb4 Bxb4 24. Rxb4 c5 25. Qb7+ Qxb7 26. Rxb7+ Ke6 27. Rb8
h5 28. Rcb2 c4 29. e4 f5 30. f3 h4 31. Rc2 hxg3 32. hxg3 fxe4 33. fxe4 d5 34.
exd5+ Kxd5 35. Rd8+ Kc5 36. Rc8+ Kd5 37. a4 e4 38. a5 e3 39. a6 Kd4 40. Rd8+
Kc5 41. a7 1-0

[Event "5. Nord-West-Cup"]
[Site "?"]
[Date "2003.??.??"]
[Round "4"]
[White "Becker, Markus"]
[Black "Schallück, Hans-Christian"]
[Result "1-0"]
[WhiteElo "1889"]
[BlackElo "1567"]
[PlyCount "41"]

1. Nc3 d5 2. e4 dxe4 3. Nxe4 Bf5 4. Ng3 Bg6 5. d4 e6 6. Nf3 Nd7 7. c3 h6 8. Bd3
Bxd3 9. Qxd3 Ngf6 10. Be3 Be7 11. O-O-O O-O 12. h4 Nd5 13. Bd2 c5 14. Kb1 Qc7
15. Ng5 N7f6 16. Nh5 c4 17. Qc2 b5 18. Bf4 Qb7 19. Be5 hxg5 20. Nxf6+ gxf6 21.
hxg5 1-0

[Event "5. Nord-West-Cup"]
[Site "?"]
[Date "2003.??.??"]
[Round "4"]
[White "Lange, Detlef"]
[Black "Boos, Hanspeter"]
[Result "1-0"]
[WhiteElo "1630"]
[BlackElo "1866"]
[PlyCount "70"]

1. e4 c5 2. Nf3 e6 3. g3 a6 4. Bg2 d5 5. exd5 exd5 6. O-O Nf6 7. Re1+ Be7 8. d3
h6 9. Bf4 Nc6 10. Nbd2 g5 11. Be5 Nxe5 12. Nxe5 Be6 13. Ng6 Rh7 14. Nxe7 Qxe7
15. Nf3 Qd6 16. d4 Rc8 17. c3 Kf8 18. dxc5 Rxc5 19. Nd4 Bd7 20. Qd3 Qc7 21.
Rad1 Qc8 22. Re5 Rh8 23. Rde1 b5 24. Re7 Kg7 25. Qf3 Bg4 26. Qe3 Rd8 27. f3 Bh5
28. Ne6+ Kg8 29. Nxd8 Rc7 30. Rxc7 Qxc7 31. Qe7 Qxe7 32. Rxe7 Kf8 33. Ra7 Bg6
34. Nc6 Bd3 35. Ne5 Bf5 1-0

[Event "5. Nord-West-Cup"]
[Site "?"]
[Date "2003.??.??"]
[Round "4"]
[White "Ungar, Benedict"]
[Black "Heirich, Andreas"]
[Result "0-1"]
[WhiteElo "1590"]
[BlackElo "1852"]
[PlyCount "86"]

1. Nf3 Nf6 2. b3 g6 3. Bb2 Bg7 4. c4 O-O 5. Nc3 d6 6. g3 c5 7. Bg2 Nc6 8. O-O
Rb8 9. a3 a6 10. Qc2 b5 11. cxb5 axb5 12. Ng5 Nd4 13. Qd1 Bb7 14. e3 Bxg2 15.
Kxg2 Nc6 16. Qc2 b4 17. Nce4 bxa3 18. Rxa3 Nb4 19. Qb1 Nxe4 20. Nxe4 Ra8 21. f3
Rxa3 22. Bxa3 Qa5 23. Bb2 Ra8 24. Bxg7 Kxg7 25. Nc3 Na2 26. Qb2 Nxc3 27. Qxc3+
Qxc3 28. dxc3 Ra3 29. Rb1 Ra2+ 30. Kg1 Rc2 31. b4 Rxc3 32. b5 Ra3 33. Rb2 Kf6
34. Kf2 Ke6 35. Ke2 Kd7 36. Kd2 Kc7 37. b6+ Kb7 38. f4 Ra6 39. e4 Rxb6 40. Ra2
Rb3 41. Kc2 Re3 42. e5 Re2+ 43. Kb3 Rxa2 0-1

[Event "5. Nord-West-Cup"]
[Site "?"]
[Date "2003.??.??"]
[Round "4"]
[White "Sturm, Tobias"]
[Black "Toth, Hans-Jürgen"]
[Result "1-0"]
[WhiteElo "1848"]
[BlackElo "1363"]
[PlyCount "27"]

1. e4 e6 2. d4 d5 3. Nc3 Bb4 4. Bd2 Nf6 5. e5 Nfd7 6. Qg4 g6 7. Bg5 Be7 8. Nf3
Bxg5 9. Nxg5 c5 10. Qf4 O-O 11. dxc5 Nc6 12. Qh4 h5 13. f4 f6 14. Nxe6 1-0

[Event "5. Nord-West-Cup"]
[Site "?"]
[Date "2003.??.??"]
[Round "4"]
[White "Niemann, Heinrich"]
[Black "Brandt, Wilhelm"]
[Result "0-1"]
[WhiteElo "1586"]
[BlackElo "1848"]
[PlyCount "150"]

1. e4 e6 2. d4 d5 3. Nc3 Nf6 4. e5 Nfd7 5. f4 c5 6. Nf3 Nc6 7. Be3 a6 8. Be2
cxd4 9. Nxd4 Bb4 10. Qd2 O-O 11. O-O Nc5 12. Nxc6 bxc6 13. Bxc5 Bxc5+ 14. Kh1
f5 15. a3 a5 16. Na4 Be7 17. Qc3 d4 18. Qd2 c5 19. b3 Rb8 20. Bc4 Qc7 21. Nb2
Qb6 22. Nd3 Bb7 23. a4 Rbd8 24. Nb2 h6 25. Kg1 g5 26. g3 Qc6 27. Kf2 gxf4 28.
Ke1 Qe4+ 29. Qe2 Qxe2+ 30. Kxe2 f3+ 31. Kf2 Kf7 32. Nd3 Rc8 33. Nf4 Rc6 34.
Kxf3 Rb6+ 35. Ke2 Be4 36. Kd2 Rg8 37. Rg1 Bg5 38. Rae1 h5 39. Bd3 Rbb8 40. Bxe4
Bxf4+ 41. gxf4 Rxg1 42. Rxg1 fxe4 43. Rg5 Rg8 44. h4 Rh8 45. Ke2 Rh7 46. Kd2
Ke7 47. Ke2 Kd7 48. Kd2 Rf7 49. Rxh5 Rxf4 50. Rh7+ Kc6 51. h5 Rf2+ 52. Kd1 Kd5
53. h6 Rh2 54. Ra7 Kxe5 55. Rxa5 Rh1+ 56. Ke2 Rxh6 57. Rxc5+ Kf4 58. Rc6 Rh2+
59. Kd1 Ke3 60. Kc1 e5 61. Re6 Rh1+ 62. Kb2 Rh5 63. a5 d3 64. cxd3 exd3 65. a6
e4 66. Kc3 Rc5+ 67. Kb4 Rc8 68. Rd6 d2 69. Ka5 Ke2 70. b4 d1=Q 71. Rxd1 Kxd1
72. b5 e3 73. b6 e2 74. b7 e1=Q+ 75. Kb6 Qb4+ 0-1

[Event "5. Nord-West-Cup"]
[Site "?"]
[Date "2003.??.??"]
[Round "4"]
[White "Petzold, Golo"]
[Black "Frerichs, Manfred"]
[Result "1-0"]
[WhiteElo "1824"]
[BlackElo "1567"]
[PlyCount "55"]

1. d4 d5 2. c4 e6 3. Nc3 Nf6 4. Nf3 c6 5. Bg5 Be7 6. e3 O-O 7. Rc1 Nbd7 8. Bd3
dxc4 9. Bxc4 Nd5 10. Bxe7 Nxe7 11. O-O Ng6 12. Bd3 Ne7 13. Qc2 Nf6 14. Rfd1
Ned5 15. a3 Bd7 16. Ne5 Rc8 17. Na4 b6 18. b4 Ne7 19. h3 h6 20. Be2 Nfd5 21.
Bf3 Nf6 22. Nb2 b5 23. Nbd3 Nfd5 24. Nc5 Nb6 25. Nb7 Qc7 26. Na5 Qd6 27. Qc5
Nf5 28. g4 1-0

[Event "5. Nord-West-Cup"]
[Site "?"]
[Date "2003.??.??"]
[Round "4"]
[White "Meyer, Eric"]
[Black "Hubbermann, Günter"]
[Result "1-0"]
[WhiteElo "1568"]
[BlackElo "1092"]
[PlyCount "77"]

1. e4 e5 2. Nf3 Nc6 3. d4 d6 4. dxe5 dxe5 5. Qxd8+ Kxd8 6. Bc4 Nf6 7. Bg5 Be6
8. Bxe6 fxe6 9. Nc3 a6 10. O-O-O+ Kc8 11. a3 Be7 12. Rd2 Rd8 13. Rhd1 Rxd2 14.
Rxd2 h6 15. Bh4 b5 16. Bg3 b4 17. axb4 Bxb4 18. Rd3 Rb8 19. Nxe5 Nxe5 20. Bxe5
Ng4 21. Bg3 Rb6 22. f3 Nf6 23. Ne2 a5 24. Bf2 Rd6 25. Rxd6 Bxd6 26. Kd2 Bxh2
27. g3 Nh5 28. Ke1 g5 29. Kf1 Bxg3 30. Nxg3 Nxg3+ 31. Bxg3 c6 32. Be1 a4 33.
Bd2 c5 34. Ke2 Kb7 35. Kd3 Kc6 36. Kc4 h5 37. Bxg5 e5 38. Be7 Kb6 39. Bxc5+ 1-0

[Event "5. Nord-West-Cup"]
[Site "?"]
[Date "2003.??.??"]
[Round "4"]
[White "Otte, Klaus"]
[Black "Kerski, Björn-Ole"]
[Result "1-0"]
[WhiteElo "1541"]
[BlackElo "1805"]
[PlyCount "111"]

1. e4 d5 2. exd5 Qxd5 3. Nc3 Qa5 4. Nf3 Nf6 5. b3 Nc6 6. Bb2 Bg4 7. h3 Bh5 8.
Bb5 e6 9. g4 Bg6 10. Ne5 Qb6 11. Bxc6+ bxc6 12. Nxg6 hxg6 13. Qf3 Be7 14. O-O-O
O-O 15. h4 c5 16. g5 Nh5 17. d3 Qb4 18. Ne4 a5 19. a3 Qb6 20. a4 Bd6 21. Ng3
Bxg3 22. fxg3 Qd6 23. g4 Qf4+ 24. Qxf4 Nxf4 25. Be5 Ne2+ 26. Kd2 Nd4 27. Bxc7
Rfc8 28. Bf4 e5 29. Be3 Rc6 30. Bxd4 cxd4 31. Rhe1 Rac8 32. Rc1 f6 33. gxf6
gxf6 34. g5 Kf7 35. gxf6 Kxf6 36. Re2 Rc5 37. Rf1+ Kg7 38. Kd1 R8c6 39. Ref2
Rc7 40. Rg1 Kh6 41. Rf6 Rxc2 42. Rgxg6+ Kh7 43. h5 R7c5 44. Rf7+ Kh8 45. Re7
Rh2 46. Ra6 Rc8 47. Rxa5 Rg8 48. Raxe5 Rg1+ 49. Re1 Rgg2 50. R7e2 Kh7 51. Rxg2
Rxg2 52. Re4 Rb2 53. Rxd4 Rxb3 54. Kc2 Rb6 55. Rg4 Kh6 56. Rg6+ 1-0

[Event "5. Nord-West-Cup"]
[Site "?"]
[Date "2003.??.??"]
[Round "4"]
[White "Kickert, Germaine"]
[Black "Szyszka, Arkadi"]
[Result "0-1"]
[WhiteElo "1269"]
[BlackElo "1772"]
[PlyCount "66"]

1. e4 c5 2. c3 e6 3. d4 cxd4 4. cxd4 Nf6 5. Bd3 Nc6 6. Nf3 Bb4+ 7. Bd2 Bxd2+ 8.
Qxd2 d6 9. Nc3 e5 10. Bb5 O-O 11. Bxc6 bxc6 12. dxe5 dxe5 13. Qxd8 Rxd8 14.
Nxe5 Re8 15. f4 Rb8 16. b3 Nxe4 17. Nxe4 f6 18. Nxc6 Rxe4+ 19. Kd2 Rb6 20. Kd3
Re6 21. Nd4 Ba6+ 22. Kc3 Re3+ 23. Kd2 Rd3+ 24. Ke2 Rxd4+ 25. Ke3 Rd3+ 26. Kf2
Rbd6 27. Rhe1 Rd2+ 28. Kg1 Bb7 29. Rac1 Rxg2+ 30. Kf1 Rdd2 31. Re7 Ba6+ 32. Ke1
Rdf2 33. Rcc7 Rf1# 0-1

[Event "5. Nord-West-Cup"]
[Site "?"]
[Date "2003.??.??"]
[Round "4"]
[White "Campe, Uwe"]
[Black "Kohlmann, Arndt"]
[Result "1-0"]
[WhiteElo "1765"]
[BlackElo "1273"]
[PlyCount "33"]

1. d4 d5 2. Nf3 Nf6 3. c4 c6 4. Nc3 dxc4 5. e3 Bf5 6. Bxc4 e6 7. O-O Bd6 8. Re1
Ne4 9. Bd3 Nxc3 10. bxc3 Bg4 11. e4 O-O 12. e5 Bc7 13. Ba3 Bxf3 14. Qxf3 Re8
15. Re3 Qg5 16. Bxh7+ Kxh7 17. Qxf7 1-0

[Event "5. Nord-West-Cup"]
[Site "?"]
[Date "2003.??.??"]
[Round "4"]
[White "Hoppe, Dieter"]
[Black "Drezewski, Alexander"]
[Result "0-1"]
[WhiteElo "1389"]
[BlackElo "1755"]
[PlyCount "90"]

1. d4 d5 2. c4 Nc6 3. Nf3 dxc4 4. e3 Bg4 5. Bxc4 e5 6. Be2 exd4 7. Nxd4 Bxe2 8.
Qxe2 Nge7 9. Nxc6 Nxc6 10. O-O Bd6 11. Nd2 O-O 12. Nf3 Qf6 13. Rb1 Rfe8 14. Bd2
Ne5 15. Nxe5 Bxe5 16. b3 Re6 17. Rbc1 Rae8 18. Qb5 Qd8 19. Rcd1 Rb6 20. Qe2 Qe7
21. g3 a6 22. b4 Qe6 23. a3 Qb3 24. Bc1 Rc6 25. Rd2 Bf6 26. Rfd1 h6 27. Rd3 Qa4
28. Kg2 Rc2 29. R3d2 Qc6+ 30. f3 Rxc1 31. e4 Rxd1 32. Rxd1 Qc3 33. Rd3 Qb2 34.
Rd2 Qxa3 35. b5 Qa4 36. bxa6 Qxa6 37. Qd1 c5 38. Rd7 h5 39. Qb3 Qe2+ 40. Kg1
Bd4+ 41. Rxd4 cxd4 42. Qxb7 d3 43. Qb5 Rf8 44. e5 Qe1+ 45. Kg2 d2 0-1